00275nam a2200121Ia 4500008004100000041001200041082001100053100001500064245004100079250000900120260001600129650000800145221030s9999 xx 000 0 und d aEnglish a105.23 aShiwali/89 0aNchronous Dustributed Environment a2005 aJammuc2005 aMCA